Top 8 des chanteuses les plus riches - Statistiques

Statistiques générales
  • Ce quiz a été pris 229 fois
  • Le résultat moyen est 4 sur 8
Statistiques - réponses
Fortune Réponse % Correct
760 millions de dollars Beyoncé
91%
1,4 milliard de dollars Rihanna
86%
1,6 milliard de dollars Taylor Swift
79%
550 millions de dollars Céline Dion
46%
850 millions de dollars Madonna
41%
350 millions de dollars Katy Perry
32%
450 millions de dollars Dolly Parton
8%
460 millions de dollars Barbara Streisand
3%
Aucun quiz correspondant
Distribution des résultats
% des personnes avec chaque résultat
Percentile par nombre de réponses
Votre historique - résultats
Vous n’avez pas pris ce quiz